000 00784 a2200193 4500
001 54687
005 20260407155821.0
008 260407a1973 arg spa d
003 AR-UNSa-BCEJYS
040 _aAR-UNSa-BCEJYS
_bspa
_cAR-UNSa-BCEJYS
080 _a327
_xRelaciones internacionales. Política internacional. Asuntos internacionales. Política exterior
245 1 0 _aEstados Unidos nos mira
264 1 _aBuenos Aires :
_bEdiciones La Bastilla
_c1973
300 _a258 p.
_c20 cm.
505 _a1. ¿Una imagen a la Argentina? – 2. Relaciones de la Argentina y los Estados Unidos entre 1933 y 1955 – 3. El peronismo visto desde el norte – 4. La Argentina después de Perón.
942 _cBK
590 _aniveau_biblio:m niveau_hierar:0
100 1 _aCiria, Alberto
999 _c5713
_d5713